Catálogo público

A review of encyrtids (HYMENOPTERA : (Record no. 208008)

MARC details
000 -CABECERA
campo de control de longitud fija 01015nam a2200301Ia 4500
001 - NÚMERO DE CONTROL
campo de control Para_9270
003 - IDENTIFICADOR DEL NÚMERO DE CONTROL
campo de control CHAP
008 - DATOS DE LONGITUD FIJA--INFORMACIÓN GENERAL
campo de control de longitud fija 220125s2002 xx 000 0 und d
010 ## - NÚMERO DE CONTROL DE LA BIBLIOTECA DEL CONGRESO
Número de control de LC 208008
040 ## - FUENTE DE LA CATALOGACIÓN
Centro/agencia transcriptor CHAP
082 ## - NÚMERO DE LA CLASIFICACIÓN DECIMAL DEWEY
Número de clasificación 595.79 T7
100 ## - ENTRADA PRINCIPAL--NOMBRE DE PERSONA
Nombre de persona Trjapitzin, Vladimir A.
9 (RLIN) 174437
245 ## - MENCIÓN DE TÍTULO
Título A review of encyrtids (HYMENOPTERA :
Resto del título CHALCIDOIDEA :
-- ENCIYRTIDAE) of the world fauna with reduced number of funicle segments of antennae /
Mención de responsabilidad, etc. by Vladimir A. Trjapitzin and Enrique Ruíz Cancino
260 ## - PUBLICACIÓN, DISTRIBUCIÓN, ETC.
Lugar de publicación, distribución, etc. Cd. Victoria, Tamaulipas, México :
Nombre del editor, distribuidor, etc. Universidad Autónoma de Tamaulipas
300 ## - DESCRIPCIÓN FÍSICA
Extensión 172 p.
440 ## - MENCIÓN DE SERIE/PUNTO DE ACCESO ADICIONAL--TÍTULO
Título Serie Publicaciones Científicas;3
9 (RLIN) 174443
650 ## - PUNTO DE ACCESO ADICIONAL DE MATERIA--TÉRMINO DE MATERIA
Término de materia o nombre geográfico como elemento de entrada Chalcidoidea
9 (RLIN) 21747
650 ## - PUNTO DE ACCESO ADICIONAL DE MATERIA--TÉRMINO DE MATERIA
Término de materia o nombre geográfico como elemento de entrada Encyrtidae
9 (RLIN) 174439
650 ## - PUNTO DE ACCESO ADICIONAL DE MATERIA--TÉRMINO DE MATERIA
Término de materia o nombre geográfico como elemento de entrada Himenópteros
9 (RLIN) 55474
650 ## - PUNTO DE ACCESO ADICIONAL DE MATERIA--TÉRMINO DE MATERIA
Término de materia o nombre geográfico como elemento de entrada Insectos
Subdivisión general identificación
9 (RLIN) 58929
901 ## - ELEMENTOS DE DATOS A LOCAL LDA (RLIN)
a 595.79 T7
902 ## - ELEMENTOS DE DATOS B LOCAL, LDB (RLIN)
a I
905 ## - ELEMENTOS DE DATOS E LOCAL, LDE (RLIN)
a 0000002002 a 0000000000 00
910 ## - DATOS DE OPCIÓN DEL USUARIO (OCLC)
Datos de opción del usuario 2002
942 ## - ELEMENTOS DE PUNTO DE ACCESO ADICIONAL (KOHA)
Tipo de ítem Koha Parasitologia_
942 ## - ELEMENTOS DE PUNTO DE ACCESO ADICIONAL (KOHA)
Tipo de ítem Koha Parasitologia_
-- 1
Holdings
Estado de retiro Estado de pérdida Fuente del sistema de clasificación o colocación Estado dañado Restricciones de uso No para préstamo Código de colección Localización permanente Ubicación/localización actual Fecha de adquisición Número de inventario Total de préstamos Signatura topográfica completa Código de barras Fecha visto por última vez Número de copia Precio válido a partir de Tipo de ítem Koha Nota pública
    Dewey Decimal Classification   Préstamo interno   General Parasitologia Agricola Parasitologia Agricola 15/05/2007 (PA_09077) (No. UACh C/E)   595.79 T7 4102001243 25/01/2022 Ej.1 25/01/2022 Libro 3